Radiodifusión educativa /
Obra constituida por dos partes. La primera está dedicada a señalar las particularidades de los sistemas de enseñanza directamente relacionados con la práctica de las radios educativas. La segunda está centrada en el empleo de la radio con fines educativos.
Salvato in:
| Autore principale: | |
|---|---|
| Natura: | Libro |
| Lingua: | spagnolo |
| Pubblicazione: |
México :
Gernika : Universidad Autónoma Metropolitana Azcapotzalco,
1991, c1991
|
| Serie: | (Ensayos ;
36) |
| Soggetti: | |
| Tags: |
Nessun Tag, puoi essere il primo ad aggiungerne!!
|
MARC
| LEADER | 00000nam^a2200000^a^4500 | ||
|---|---|---|---|
| 001 | 000034812 | ||
| 005 | 20250521000000.0 | ||
| 009 | 20260310085253.3 | ||
| 020 | |a 970-620-001-0 | ||
| 037 | |a Acervo ITESO - Biblioteca | ||
| 041 | |a ESP | ||
| 082 | |a 302. 233214 |b PEP | ||
| 100 | |a Peppino Barale, Ana María |e (autor) | ||
| 245 | 1 | 0 | |a Radiodifusión educativa / |c A.M. Peppino Barale. |
| 264 | 4 | |a México : |b Gernika : |b Universidad Autónoma Metropolitana Azcapotzalco, |c 1991, c1991 | |
| 300 | |a 235 p. | ||
| 336 | |a texto |b txt |2 rdacontenido | ||
| 337 | |a sin mediación |b n |2 rdamedio | ||
| 338 | |a volumen |b nc |2 rdasoporte | ||
| 440 | 1 | |a (Ensayos ; |v 36) | |
| 520 | |a Obra constituida por dos partes. La primera está dedicada a señalar las particularidades de los sistemas de enseñanza directamente relacionados con la práctica de las radios educativas. La segunda está centrada en el empleo de la radio con fines educativos. | ||
| 649 | |a XX | ||
| 650 | |a Programas Educativos | ||
| 650 | |a Géneros Radiofónicos | ||
| 650 | |a Radio - |x Función Educativa-Cultural | ||
| 650 | |a Medios de Comunicación | ||
| 650 | |a Comunicación Masiva | ||
| 650 | |a Comunicación Educativa | ||
| 650 | |a Educación No Formal e Informal | ||
| 650 | |a Educación a Distancia | ||
| 910 | |a Fondo General | ||
| 920 | |a Impresos - Libros | ||
| 930 | |a Colección General | ||
| 905 | |a 101 | ||
| 901 | |a 0348120200 |b IT1 |c ACC |i 910140 |u 20250521 | ||
| 901 | |a 0348120500 |b IT1 |c ACC |i 910143 |u 20250521 | ||
| 902 | |a https://opac.biblio.iteso.mx/vufind/Record/000034812 | ||